Lapidario / (Record no. 183138)

MARC details
000 -LEADER
campo de control de longitud fija 00955nam a2200253 i 4500
001 - NÚMERO DE CONTROL
campo de control 183138
003 - IDENTIFICADOR DE NÚMERO DE CONTROL
campo de control ES-MaACL
005 - FECHA Y HORA DE LA ÚLTIMA TRANSACCIÓN
campo de control 20250804011347.0
008 - DATOS DE LONGITUD FIJA--INFORMACIÓN GENERAL
campo de control de longitud fija 140124s1993 sp |||| | spa d
020 ## - NÚMERO INTERNACIONAL ESTÁNDAR DEL LIBRO
Número Internacional Estándar del Libro 84-206-0639-1
080 ## - NÚMERO DE LA CLASIFICACIÓN DECIMAL UNIVERSAL
Número de la Clasificación Decimal Universal 552(035.3)"00"
080 ## - NÚMERO DE LA CLASIFICACIÓN DECIMAL UNIVERSAL
Número de la Clasificación Decimal Universal 549(035.3)"00"
100 1# - ENTRADA PRINCIPAL--NOMBRE DE PERSONA
Nombre de persona Plinio Segundo, Cayo
9 (RLIN) 92659
245 10 - MENCIÓN DEL TÍTULO
Título Lapidario /
Mención de responsabilidad, etc. Plinio el Viejo ; prefacio, traducción y notas de Avelino Domínguez Garcia e Hipólito-Benjamín Riesco.
260 ## - PUBLICACIÓN, DISTRIBUCIÓN, ETC.
Lugar de publicación, distribución, etc. Madrid :
Nombre del editor, distribuidor, etc. Alianza Editorial,
Fecha de publicación, distribución, etc. [1993]
300 ## - DESCRIPCIÓN FÍSICA
Extensión 251 p. ;
Dimensiones 18 cm.
490 1# - MENCIÓN DE SERIE
Mención de serie El libro de bolsillo ;
Designación de volumen o secuencia 1639.
Mención de serie Clásicos
650 #4 - PUNTO DE ACCESO ADICIONAL DE MATERIA--TÉRMINO DE MATERIA
Término de materia o nombre geográfico como elemento de entrada Ciencias naturales-
Subdivisión de forma Obras anteriores a 1800.
9 (RLIN) 149050
700 1# - ENTRADA AGREGADA--NOMBRE PERSONAL
Nombre de persona Domínguez García, Avelino.
9 (RLIN) 45210
700 1# - ENTRADA AGREGADA--NOMBRE PERSONAL
Nombre de persona Riesco Álvarez, Hipólito-Benjamín.
9 (RLIN) 138644
830 03 - PUNTO DE ACCESO ADICIONAL DE SERIE-TÍTULO UNIFORME
Título uniforme El libro de bolsillo.
Nombre de parte o sección de la obra Clásicos
Designación de volumen o secuencia 1639.
9 (RLIN) 179723
852 ## - LOCALIZACIÓN
Ubicación ES-MaACL
Número de control de estantería L-29949
Nota libre .- Donat. Miguel A. Velasco
Holdings
Estatus retirado Estado de pérdida Estado de daño No para préstamo Biblioteca de origen Biblioteca actual Ubicación en estantería Fecha de adquisición Fuente de adquisición Total de préstamos Signatura topográfica completa Código de barras Visto por última vez Precio de reemplazo Tipo de ítem Koha
        Biblioteca del Ateneo de Madrid Biblioteca del Ateneo de Madrid Depósito 2 24/01/2014     L-29949 1192483 23/02/2023 23/02/2023 Libro impreso